Statistiques concernant Récompenses

Cliquez ici pour prendre le quiz!

Statistiques générales

  • Ce quiz a été pris 54 fois
  • Le résultat moyen est 10 sur 28

Statistiques - réponses

IndiceRéponse% Correct
Cinéma (Los Angeles)Oscar (Academy Award)
100%
Cinéma (Paris)
César du Cinéma
87%
Cinéma (Cannes)Palme d'Or
81%
Sciences, Paix, Littérature (Suède, Norvège)Prix Nobel
77%
Cinéma (Berlin)
Ours d'Or
74%
Littérature (France)Prix Goncourt
66%
Football (international, France)
Ballon d'Or
64%
Cinéma (Venise)Lion d'Or
58%
Théâtre (Paris)Molière
57%
Musique (Los Angeles)
Grammy Award
55%
Musique (Paris)Victoire de la Musique
42%
Journalisme, Littérature, Musique (New York)Prix Pulitzer
34%
Décès par Imprudence (parodie USA)Darwin Award
26%
Mathématiques (international)Médaille Fields
26%
Cinéma, Télévision (Hollywood)
Golden Globe
25%
Musique (Los Angeles)Emmy Award
25%
Cinéma (parodie USA)Razzie Award
17%
Cinéma, Télévision, Jeux Vidéo (Londres)BAFTA
13%
Jeu de Société (Cannes)As d'Or (Jeu de l'Année)
11%
Sciences (parodie USA)Ig-Nobel
8%
Théâtre (New York)
Tony Award
8%
Architecture (international)Prix Pritzker
4%
Mathématiques (Norvège)Prix Abel
2%
Science Fiction (international)Prix Hugo
2%
Jeu de Société (Allemagne)Spiel des Jahres
2%
Jeu Vidéo (Las Vegas)D.I.C.E. Award
0%
Architecture (France)Équerre d'Argent
0%
Informatique (international)Prix Turing
0%

Distribution des résultats

Percentile par nombre de réponses

% des personnes avec chaque résultat

Votre développement - résultats

Vous n’avez pas pris ce quiz